[Event "Puhajarve rap op 23rd"]
[Site "Puhajarve"]
[Date "2023.11.25"]
[Round "17"]
[White "Jussupow, Artur"]
[Black "Valner, Uku"]
[Result "0-1"]
[WhiteElo "2559"]
[BlackElo "2296"]
[PlyCount "99"]
[EventDate "2023.11.24"]
[EventType "tourn (rapid)"]
[EventRounds "33"]
[EventCountry "EST"]
[SourceTitle "CB49_2023"]
[SourceDate "2023.12.06"]
[SourceVersion "1"]
[SourceVersionDate "2023.12.06"]
[SourceQuality "1"]

1. d4 e6 2. Nf3 Nf6 3. e3 b6 4. Bd3 Bb7 5. 0-0 Be7 6. c4 0-0 7. Nc3 d5 8. b3 Nbd7 9. Bb2 Rc8 10. cxd5 Nxd5 11. Nxd5 Bxd5 12. Ba6 Rb8 13. Qe2 Bb7 14. Rfd1 Bxa6 15. Qxa6 Qc8 16. Qc4 Qb7 17. Rac1 c5 18. dxc5 Nxc5 19. Qg4 g6 20. Qd4 f6 21. b4 Na4 22. Ba1 Rfd8 23. Qc4 Kf7 24. Qf4 Rxd1+ 25. Rxd1 Rd8 26. Ng5+ Ke8 27. Rxd8+ Bxd8 28. Bxf6 Qd7 29. h4 Bc7 30. Qf3 Qd5 31. Qxd5 exd5 32. Nxh7 Kf7 33. Bd4 Bd6 34. Ng5+ Ke8 35. g4 Bxb4 36. h5 gxh5 37. gxh5 Bf8 38. Ne6 Bh6 39. Nc7+ Kf7 40. Nxd5 Nc5 41. Kg2 Ne6 42. Bc3 b5 43. f4 Nc5 44. Kf3 Nd3 45. e4 a5 46. Bxa5 Nb2 47. f5 Nc4 48. Bc3 Bf8 49. e5 Nb6 50. e6+ 0-1

[Event "Titled Tuesday intern op 19th Sep Early"]
[Site "Chess.com INT"]
[Date "2023.09.19"]
[Round "2"]
[White "Valner, Uku"]
[Black "Nazari, Arad"]
[Result "1-0"]
[WhiteElo "2296"]
[BlackElo "2363"]
[PlyCount "157"]
[EventDate "2023.09.19"]
[EventType "swiss (blitz)"]
[EventRounds "11"]
[EventCountry "USA"]
[SourceTitle "EXT 2024"]
[Source "ChessBase"]
[SourceDate "2023.10.10"]
[SourceVersion "1"]
[SourceVersionDate "2023.10.10"]
[SourceQuality "1"]

1. e4 e6 2. d4 d5 3. e5 c5 4. c3 Nc6 5. Nf3 Bd7 6. a3 Qb6 7. b4 cxd4 8. cxd4 Nh6 9. Bxh6 gxh6 10. Nc3 Rc8 11. Na4 Qd8 12. Bd3 Bg7 13. Nc5 b6 14. Nxd7 Qxd7 15. Rc1 Ne7 16. 0-0 0-0 17. Qb3 f6 18. exf6 Bxf6 19. Qb1 Rf7 20. Rxc8+ Nxc8 21. Rc1 Nd6 22. b5 Rg7 23. Rc6 Rg4 24. h3 Rf4 25. Bxh7+ Qxh7 26. Qxh7+ Kxh7 27. Rxd6 Bxd4 28. Nxd4 Rxd4 29. Rxe6 Ra4 30. Rd6 d4 31. f4 d3 32. Rxd3 Rxf4 33. Rd7+ Kg6 34. Rxa7 Rf5 35. a4 Rf4 36. Ra6 Kg5 37. Rxb6 Rxa4 38. Rc6 Rb4 39. Rc5+ Kf4 40. Kh2 Rb3 41. Rh5 Rb2 42. Rxh6 Rxb5 43. Rf6+ Kg5 44. Rf3 Rb4 45. Kg3 Ra4 46. Rc3 Ra5 47. Kf3 Kh4 48. Rc4+ Kh5 49. Re4 Ra3+ 50. Re3 Ra4 51. g3 Ra5 52. Kf4 Kg6 53. Re6+ Kf7 54. Re4 Kf6 55. h4 Rf5+ 56. Kg4 Ra5 57. Rb4 Ra6 58. Kf4 Kg6 59. g4 Rf6+ 60. Kg3 Rf1 61. h5+ Kg7 62. Kh4 Ra1 63. Rb7+ Kf6 64. Rb6+ Kg7 65. Rb5 Kf6 66. Rf5+ Kg7 67. Kg5 Ra6 68. Rb5 Ra7 69. h6+ Kh7 70. Kh5 Ra1 71. Rb7+ Kg8 72. g5 Ra6 73. Rb5 Rc6 74. Ra5 Rb6 75. g6 Rb8 76. h7+ Kg7 77. Ra7+ Kh8 78. Kh6 Rb7 79. Ra8+ 1-0

[Event "Tallinn Leito Memorial"]
[Site "Tallinn"]
[Date "2023.02.04"]
[Round "6"]
[White "Valner, Uku"]
[Black "Miezis, Normunds"]
[Result "0-1"]
[WhiteElo "2296"]
[BlackElo "2427"]
[PlyCount "98"]
[EventDate "2023.02.04"]
[EventType "swiss (rapid)"]
[EventRounds "9"]
[EventCountry "EST"]
[SourceTitle "CBM 212 Extra"]
[Source "ChessBase"]
[SourceDate "2023.03.31"]
[SourceVersion "1"]
[SourceVersionDate "2023.03.31"]
[SourceQuality "1"]

1. e4 c5 2. Nc3 e6 3. g3 Nc6 4. Bg2 g6 5. d3 Bg7 6. Be3 d6 7. f4 Nge7 8. Nf3 Nd4 9. 0-0 0-0 10. e5 dxe5 11. Nxe5 Rb8 12. Ne4 b6 13. c3 Ndf5 14. Bf2 Bb7 15. Qe2 Nd6 16. Rad1 Ba6 17. Nxd6 Qxd6 18. Nc4 Qc7 19. g4 b5 20. Ne3 Rbe8 21. Nc2 Nd5 22. Bg3 Qb6 23. Kh1 Bb7 24. c4 Ne7 25. b3 Nc6 26. Bf2 b4 27. Be3 f5 28. Rde1 Bc3 29. Bd2 Nd4 30. Nxd4 cxd4 31. Bxb7 Qxb7+ 32. Kg1 fxg4 33. Bxc3 dxc3 34. Qxg4 Qb6+ 35. Kg2 Qd4 36. Qg3 Rd8 37. Rxe6 Qxd3 38. Qxd3 Rxd3 39. Re2 Rd4 40. Kg3 Rd3+ 41. Kg2 Kg7 42. Re7+ Rf7 43. Re2 Rfd7 44. Rff2 Kf6 45. h3 Rd2 46. Kf3 R7d3+ 47. Ke4 Rd4+ 48. Kf3 c2 49. Rxd2 Rxd2 0-1

[Event "Tallinn Leito Memorial"]
[Site "Tallinn"]
[Date "2023.02.04"]
[Round "4"]
[White "Valner, Uku"]
[Black "Nyback, Tomi"]
[Result "0-1"]
[WhiteElo "2296"]
[BlackElo "2567"]
[PlyCount "104"]
[EventDate "2023.02.04"]
[EventType "swiss (rapid)"]
[EventRounds "9"]
[EventCountry "EST"]
[SourceTitle "CBM 212 Extra"]
[Source "ChessBase"]
[SourceDate "2023.03.31"]
[SourceVersion "1"]
[SourceVersionDate "2023.03.31"]
[SourceQuality "1"]

1. e4 e5 2. Nf3 Nc6 3. Bc4 Bc5 4. 0-0 Nf6 5. d4 Bxd4 6. Nxd4 Nxd4 7. f4 d6 8. fxe5 dxe5 9. Bg5 Qe7 10. c3 Ne6 11. Bxf6 Qc5+ 12. Kh1 Qxc4 13. Bxe5 0-0 14. Nd2 Qc5 15. Bg3 b6 16. Nb3 Qe7 17. Qh5 Bb7 18. Rae1 c5 19. Bh4 Qe8 20. Qg4 Kh8 21. Nd2 f6 22. e5 fxe5 23. Rxe5 Rxf1+ 24. Nxf1 Qf7 25. Rf5 Qg6 26. Qxg6 hxg6 27. Rf7 Bd5 28. b3 g5 29. Ne3 Bxg2+ 30. Nxg2 gxh4 31. Nxh4 a5 32. Rb7 Ra6 33. Ng6+ Kh7 34. Ne5 a4 35. Nc4 axb3 36. axb3 Nf4 37. h4 Ra2 38. Nxb6 Rc2 39. Na4 Ng6 40. c4 Nxh4 41. Rf7 Kg6 42. Rf1 Kg5 43. Rg1+ Kf5 44. Rxg7 Nf3 45. Rf7+ Kg4 46. Rg7+ Kf4 47. Rf7+ Kg3 48. Rg7+ Kf4 49. Rf7+ Ke3 50. Rh7 Rc1+ 51. Kg2 Rg1+ 52. Kh3 Rh1+ 0-1

[Event "Titled Tuesday intern op 02nd Aug Late"]
[Site "Chess.com INT"]
[Date "2022.08.02"]
[Round "2"]
[White "Valner, Uku"]
[Black "Nazari, Arad"]
[Result "0-1"]
[WhiteElo "2296"]
[BlackElo "2401"]
[PlyCount "92"]
[EventDate "2022.08.02"]
[EventType "swiss (blitz)"]
[EventRounds "11"]
[EventCountry "USA"]
[SourceTitle "EXT 2023"]
[Source "ChessBase"]
[SourceDate "2022.10.05"]
[SourceVersion "1"]
[SourceVersionDate "2022.10.05"]
[SourceQuality "1"]

1. e4 e5 2. Nf3 Nc6 3. Bc4 Nf6 4. Ng5 d5 5. exd5 Na5 6. Bb5+ c6 7. dxc6 bxc6 8. Bd3 Nd5 9. Nf3 Bd6 10. 0-0 Nf4 11. Re1 Nxd3 12. cxd3 0-0 13. Nc3 f6 14. Qa4 c5 15. Ne4 Be7 16. Qc2 Qd5 17. b3 Ba6 18. Ba3 Bxd3 19. Qc3 Bxe4 20. Qxa5 Bxf3 21. gxf3 Qxf3 22. Bxc5 Bxc5 23. Qxc5 Rad8 24. Re3 Qf5 25. d3 Rf7 26. Qc4 Rd4 27. Qb5 h5 28. Rc1 h4 29. h3 Rf4 30. Rc2 Rd7 31. Rd2 Kh7 32. Qc6 Rfd4 33. Qf3 Rf4 34. Qe2 Rc7 35. Re4 Rxe4 36. Qxe4 Qxe4 37. dxe4 Kg6 38. Kg2 Kg5 39. f3 Kf4 40. Rb2 a5 41. a3 Rc3 42. b4 Rxa3 43. b5 Rc3 44. b6 Rc8 45. Kf2 a4 46. Ke2 Rb8 0-1

[Event "Titled Tuesday intern op 02nd Aug Late"]
[Site "Chess.com INT"]
[Date "2022.08.02"]
[Round "3"]
[White "Zou, Chen"]
[Black "Valner, Uku"]
[Result "0-1"]
[WhiteElo "2432"]
[BlackElo "2296"]
[PlyCount "144"]
[EventDate "2022.08.02"]
[EventType "swiss (blitz)"]
[EventRounds "11"]
[EventCountry "USA"]
[SourceTitle "EXT 2023"]
[Source "ChessBase"]
[SourceDate "2022.10.05"]
[SourceVersion "1"]
[SourceVersionDate "2022.10.05"]
[SourceQuality "1"]

1. d4 e6 2. c4 b6 3. Nf3 Bb7 4. g3 Nf6 5. Bg2 Be7 6. 0-0 0-0 7. Nc3 Ne4 8. Nxe4 Bxe4 9. Be3 d6 10. Qd2 Nd7 11. Rfd1 Nf6 12. Rac1 Qd7 13. Qc3 Rfd8 14. h3 c6 15. g4 h6 16. Kh1 Rac8 17. a3 d5 18. Ne5 Bxg2+ 19. Kxg2 Qb7 20. f3 Nd7 21. Nd3 Bf6 22. Qb3 Nf8 23. Bf2 Ng6 24. c5 e5 25. dxe5 Nxe5 26. Nxe5 Bxe5 27. cxb6 d4 28. Qc4 Qxb6 29. Rc2 c5 30. Rd3 Bd6 31. Rb3 Qa5 32. Rb5 Qc7 33. Rb3 Qd7 34. Rd3 Qe7 35. Bg3 Bxg3 36. Kxg3 Qe5+ 37. Kg2 Re8 38. Rdd2 h5 39. Qd3 h4 40. f4 Qxf4 41. Qf3 Qg5 42. Qf5 Qe3 43. Qf3 Qe5 44. Rd3 Qb8 45. b3 Re5 46. a4 Rce8 47. Rcd2 Re3 48. Qf2 Rg3+ 49. Rxg3 hxg3 50. Qxg3 Qb7+ 51. Qf3 Qb4 52. Rd3 a6 53. Kf2 Re6 54. Kg2 g6 55. Qa8+ Kg7 56. Qf3 Rf6 57. Qe4 Re6 58. Qf3 Qb6 59. h4 Re5 60. g5 Qe6 61. Rd2 Re3 62. Qf6+ Qxf6 63. gxf6+ Kxf6 64. b4 cxb4 65. Rxd4 a5 66. Kf2 Ra3 67. Rd6+ Kg7 68. Ra6 Rxa4 69. e3 Ra1 70. Kf3 b3 71. Ke4 b2 72. Kf3 b1Q 0-1

[Event "Titled Tuesday intern op 01st Feb-A"]
[Site "Chess.com INT"]
[Date "2022.02.01"]
[Round "2"]
[White "Ladan, Nicholas John"]
[Black "Valner, Uku"]
[Result "1-0"]
[WhiteElo "2128"]
[BlackElo "2296"]
[PlyCount "57"]
[EventDate "2022.02.01"]
[EventType "swiss (blitz)"]
[EventRounds "11"]
[EventCountry "USA"]
[SourceTitle "CBM 206 Extra"]
[Source "ChessBase"]
[SourceDate "2022.03.31"]
[SourceVersion "1"]
[SourceVersionDate "2022.03.31"]
[SourceQuality "1"]

1. d4 e6 2. c4 b6 3. Nf3 Bb7 4. g3 Nf6 5. Bg2 Be7 6. 0-0 0-0 7. b3 d6 8. Bb2 Nbd7 9. Nbd2 c5 10. Qc2 Rc8 11. e4 cxd4 12. Nxd4 Qc7 13. Rad1 d5 14. exd5 exd5 15. Nf5 Bd8 16. Qb1 g6 17. Nh6+ Kg7 18. Ng4 dxc4 19. Bxb7 Qxb7 20. Nxc4 Qf3 21. Nge5 Nxe5 22. Nxe5 Qh5 23. Qa1 Kg8 24. Nc4 Ng4 25. h4 g5 26. Rd5 Rc5 27. Rfd1 Rxd5 28. Rxd5 Be7 29. Ne5 1-0

[Event "Titled Tuesday intern op 09th Nov"]
[Site "Chess.com INT"]
[Date "2021.11.09"]
[Round "9"]
[White "Gabrielian, Artur"]
[Black "Valner, Uku"]
[Result "1-0"]
[WhiteElo "2464"]
[BlackElo "2296"]
[PlyCount "51"]
[EventDate "2021.11.09"]
[EventType "swiss (blitz)"]
[EventRounds "11"]
[EventCountry "USA"]
[SourceTitle "CBM 205 Extra"]
[Source "ChessBase"]
[SourceDate "2022.01.31"]
[SourceVersion "1"]
[SourceVersionDate "2022.01.31"]
[SourceQuality "1"]

1. d4 b6 2. c4 Bb7 3. Nc3 Nf6 4. Qc2 c5 5. d5 e6 6. e4 d6 7. Nf3 Nbd7 8. Be2 Be7 9. dxe6 fxe6 10. Ng5 Nf8 11. 0-0 h6 12. Nh3 Ng6 13. f4 e5 14. Nd5 Nxd5 15. exd5 Nxf4 16. Bxf4 exf4 17. Bh5+ Kd7 18. Nxf4 Kc8 19. Ne6 Qg8 20. Bf7 Qh7 21. Bg6 Qg8 22. Rf7 Bf6 23. Qa4 Kb8 24. Rxb7+ Kxb7 25. Qc6+ Ka6 26. Nc7+ 1-0

[Event "Titled Tuesday intern op 09th Nov"]
[Site "Chess.com INT"]
[Date "2021.11.09"]
[Round "7"]
[White "Goryachkina, Aleksandra"]
[Black "Valner, Uku"]
[Result "0-1"]
[WhiteElo "2604"]
[BlackElo "2296"]
[PlyCount "70"]
[EventDate "2021.11.09"]
[EventType "swiss (blitz)"]
[EventRounds "11"]
[EventCountry "USA"]
[SourceTitle "CBM 205 Extra"]
[Source "ChessBase"]
[SourceDate "2022.01.31"]
[SourceVersion "1"]
[SourceVersionDate "2022.01.31"]
[SourceQuality "1"]

1. e4 e6 2. d4 d5 3. Nd2 c5 4. Ngf3 Nf6 5. exd5 Nxd5 6. dxc5 Bxc5 7. Ne4 Be7 8. Bd3 Nc6 9. 0-0 b6 10. Bb5 Bb7 11. Ne5 Qc7 12. Nxc6 Bxc6 13. Bxc6+ Qxc6 14. Qg4 g6 15. Qe2 Nf6 16. Ng5 0-0 17. c4 Rad8 18. b3 Nh5 19. Ne4 Nf6 20. Nxf6+ Bxf6 21. Rb1 Rd7 22. Bh6 Rfd8 23. Rbd1 Bd4 24. h3 Qc5 25. Kh1 Qe5 26. Qf3 Qf5 27. Qc6 e5 28. b4 Qh5 29. Bc1 Kg7 30. c5 bxc5 31. bxc5 Qf5 32. Qa4 Bxc5 33. Rxd7 Rxd7 34. Bb2 Bd4 35. Bxd4 exd4 0-1

[Event "Titled Tuesday intern op 09th Nov"]
[Site "Chess.com INT"]
[Date "2021.11.09"]
[Round "6"]
[White "Valner, Uku"]
[Black "Harshavardhan, GB."]
[Result "0-1"]
[WhiteElo "2296"]
[BlackElo "2397"]
[PlyCount "62"]
[EventDate "2021.11.09"]
[EventType "swiss (blitz)"]
[EventRounds "11"]
[EventCountry "USA"]
[SourceTitle "CBM 205 Extra"]
[Source "ChessBase"]
[SourceDate "2022.01.31"]
[SourceVersion "1"]
[SourceVersionDate "2022.01.31"]
[SourceQuality "1"]

1. e4 e5 2. Nf3 Nc6 3. Bc4 Nf6 4. Ng5 d5 5. exd5 Na5 6. Bb5+ Bd7 7. Qe2 Bd6 8. Nc3 0-0 9. Nge4 Nxe4 10. Nxe4 b6 11. Nxd6 cxd6 12. 0-0 Bxb5 13. Qxb5 Rc8 14. b4 Nb7 15. c4 Qh4 16. d3 Qd4 17. Be3 Qxd3 18. Qd7 Rb8 19. Rac1 f5 20. Bg5 Rf7 21. Qa4 h6 22. Qxa7 Rc8 23. Be3 f4 24. Bxb6 Nc5 25. Qa5 Ne4 26. c5 f3 27. cxd6 Rxc1 28. Rxc1 fxg2 29. Qa8+ Kh7 30. Qe8 Qf3 31. d7 Ng5 0-1

[Event "Titled Tuesday intern op 09th Nov"]
[Site "Chess.com INT"]
[Date "2021.11.09"]
[Round "5"]
[White "Valner, Uku"]
[Black "Potapova, Margarita"]
[Result "1-0"]
[WhiteElo "2296"]
[BlackElo "2257"]
[PlyCount "97"]
[EventDate "2021.11.09"]
[EventType "swiss (blitz)"]
[EventRounds "11"]
[EventCountry "USA"]
[SourceTitle "CBM 205 Extra"]
[Source "ChessBase"]
[SourceDate "2022.01.31"]
[SourceVersion "1"]
[SourceVersionDate "2022.01.31"]
[SourceQuality "1"]

1. e4 c5 2. Nc3 d6 3. g3 g6 4. Bg2 Bg7 5. d3 Nc6 6. Be3 e6 7. f4 Nge7 8. Nf3 0-0 9. 0-0 Nd4 10. e5 dxe5 11. Nxe5 Nec6 12. Nxc6 bxc6 13. Ne4 Qe7 14. c3 f5 15. cxd4 cxd4 16. Bf2 fxe4 17. Bxe4 Rb8 18. Qc2 Bb7 19. Rfe1 Qd6 20. Rac1 c5 21. b3 Bxe4 22. Rxe4 Rbc8 23. Rce1 Rfe8 24. Qc4 Rc6 25. g4 Kh8 26. f5 e5 27. Bg3 gxf5 28. gxf5 Qf6 29. Rxe5 Rg8 30. Rxc5 Rxc5 31. Qxc5 Bh6 32. Kh1 Be3 33. Be5 Kg7 34. Bxf6+ Kxf6 35. Rxe3 dxe3 36. Qxe3 Kxf5 37. Qe4+ Kf6 38. Qxh7 Rd8 39. Qh4+ Ke5 40. Qxd8 a6 41. h4 Kf5 42. h5 a5 43. h6 Kg6 44. Qg8+ Kf5 45. h7 Kf4 46. h8Q Ke3 47. Qh6+ Ke2 48. Qg2+ Kd1 49. Qhd2# 1-0

[Event "Titled Tuesday intern op 09th Nov"]
[Site "Chess.com INT"]
[Date "2021.11.09"]
[Round "2"]
[White "Valner, Uku"]
[Black "Weetik, Vjacheslav"]
[Result "0-1"]
[WhiteElo "2296"]
[BlackElo "2423"]
[PlyCount "78"]
[EventDate "2021.11.09"]
[EventType "swiss (blitz)"]
[EventRounds "11"]
[EventCountry "USA"]
[SourceTitle "CBM 205 Extra"]
[Source "ChessBase"]
[SourceDate "2022.01.31"]
[SourceVersion "1"]
[SourceVersionDate "2022.01.31"]
[SourceQuality "1"]

1. e4 c6 2. d4 d5 3. exd5 cxd5 4. Bd3 Nc6 5. c3 Qc7 6. Ne2 Bg4 7. f3 Bh5 8. Bf4 Qd7 9. Nd2 e6 10. Nf1 Be7 11. Ne3 Bg6 12. h4 Nf6 13. g4 0-0 14. h5 Bxd3 15. Qxd3 Ne8 16. g5 Nd6 17. 0-0-0 b5 18. g6 b4 19. h6 fxg6 20. hxg7 Rxf4 21. Nxf4 Bg5 22. Nxg6 Qxg7 23. f4 bxc3 24. fxg5 cxb2+ 25. Kb1 Qxg6 26. Qxg6+ hxg6 27. Ng4 Kg7 28. Nf6 Rh8 29. Rxh8 Kxh8 30. Rh1+ Kg7 31. Rh7+ Kf8 32. Rh8+ Ke7 33. Rh7+ Kf8 34. Rh8+ Ke7 35. Rh6 Nc4 36. Rh7+ Kd8 37. Rd7+ Kc8 38. Re7 Nxd4 39. Rxe6 Nxe6 0-1

[Event "Chess.com Bullet op1"]
[Site "Chess.com INT"]
[Date "2020.12.19"]
[Round "6"]
[White "Barp, Alberto"]
[Black "Valner, Uku"]
[Result "1-0"]
[WhiteElo "2366"]
[BlackElo "2296"]
[PlyCount "59"]
[EventDate "2020.12.19"]
[EventType "swiss (blitz)"]
[EventRounds "21"]
[EventCountry "USA"]
[SourceTitle "EXT 2022"]
[Source "ChessBase"]
[SourceDate "2021.10.06"]
[SourceVersion "1"]
[SourceVersionDate "2021.10.06"]
[SourceQuality "1"]

1. d4 e6 2. c4 b6 3. e4 Bb7 4. Bd3 f5 5. exf5 Bxg2 6. Qh5+ g6 7. fxg6 Bg7 8. gxh7+ Kf8 9. Ne2 Nf6 10. Qh4 Bxh1 11. Bg5 Nc6 12. Nbc3 Nb4 13. 0-0-0 Nxd3+ 14. Rxd3 d5 15. Nf4 Qd6 16. Re3 Be4 17. Bxf6 Rxh7 18. Bxg7+ Kxg7 19. Qg5+ Kf7 20. Nxe4 dxe4 21. Qg6+ Kf8 22. Nxe6+ Ke7 23. Qxh7+ Kxe6 24. Rxe4+ Kf6 25. Qh6+ Kf7 26. Rf4+ Ke7 27. Qg7+ Ke8 28. Qg8+ Kd7 29. Rf7+ Ke6 30. Qg6# 1-0

[Event "Chess.com Bullet op1"]
[Site "Chess.com INT"]
[Date "2020.12.19"]
[Round "21"]
[White "Triapishko, Alexandr"]
[Black "Valner, Uku"]
[Result "1/2-1/2"]
[WhiteElo "2507"]
[BlackElo "2296"]
[PlyCount "167"]
[EventDate "2020.12.19"]
[EventType "swiss (blitz)"]
[EventRounds "21"]
[EventCountry "USA"]
[SourceTitle "EXT 2022"]
[Source "ChessBase"]
[SourceDate "2021.10.06"]
[SourceVersion "1"]
[SourceVersionDate "2021.10.06"]
[SourceQuality "1"]

1. Nf3 e6 2. g3 b6 3. Bg2 Bb7 4. 0-0 Nf6 5. c4 Be7 6. b3 0-0 7. Bb2 d5 8. d3 c5 9. Nbd2 d4 10. b4 Nbd7 11. bxc5 bxc5 12. Rb1 Qc7 13. Ba1 Rab8 14. e3 e5 15. e4 Bd6 16. Nb3 Bc6 17. Qd2 Rb7 18. Na5 Rxb1 19. Rxb1 Ba8 20. Nh4 Rb8 21. Rb3 Rxb3 22. Nxb3 Qb6 23. Nf5 Bf8 24. Qa5 Bc6 25. h4 g6 26. Bh3 gxf5 27. Bxf5 Bd6 28. g4 Qxa5 29. Nxa5 Nb8 30. Bb2 Bc7 31. Nb3 Bb6 32. Ba3 Nfd7 33. g5 Ba4 34. Kg2 Bxb3 35. axb3 Nf8 36. Bc1 Ne6 37. h5 Nc6 38. Kf3 Ne7 39. Kg4 Nxf5 40. Kxf5 Bc7 41. g6 hxg6+ 42. hxg6 Kg7 43. gxf7 Kxf7 44. Bd2 Ke7 45. b4 cxb4 46. Bxb4+ Bd6 47. Ba5 Nc5 48. f4 Nxd3 49. fxe5 Nxe5 50. c5 Bxc5 51. Kxe5 Bb6 52. Bb4+ Kd7 53. Kd5 d3 54. e5 Be3 55. e6+ Ke8 56. Ke4 d2 57. Bxd2 Bxd2 58. Kd3 Ba5 59. Kc2 Bb6 60. Kb3 Ke7 61. Ka2 Kxe6 62. Kb3 Kd7 63. Ka2 Kc6 64. Kb3 a5 65. Ka2 Kb5 66. Kb2 a4 67. Ka2 Bc5 68. Kb1 Kb4 69. Ka2 a3 70. Kb1 Kb3 71. Kc1 Bd4 72. Kd2 a2 73. Kd3 a1Q 74. Ke4 Qb2 75. Kd5 Qc3 76. Ke4 Qe3+ 77. Kd5 Qe5+ 78. Kc6 Qc5+ 79. Kd7 Qb6 80. Ke7 Kc4 81. Kf7 Kd5 82. Ke7 Ke5 83. Kd7 Qc6+ 84. Kxc6 1/2-1/2

[Event "Chess.com Bullet op1"]
[Site "Chess.com INT"]
[Date "2020.12.19"]
[Round "2"]
[White "Valner, Uku"]
[Black "Abdrlauf, Elham"]
[Result "0-1"]
[WhiteElo "2296"]
[BlackElo "2338"]
[PlyCount "136"]
[EventDate "2020.12.19"]
[EventType "swiss (blitz)"]
[EventRounds "21"]
[EventCountry "USA"]
[SourceTitle "EXT 2022"]
[Source "ChessBase"]
[SourceDate "2021.10.06"]
[SourceVersion "1"]
[SourceVersionDate "2021.10.06"]
[SourceQuality "1"]

1. b3 Nf6 2. Bb2 e6 3. e3 d5 4. f4 Bd6 5. Nf3 Nbd7 6. Be2 0-0 7. 0-0 Re8 8. Ne5 c5 9. d3 Qc7 10. Nxd7 Nxd7 11. Nd2 e5 12. Bf3 d4 13. fxe5 Nxe5 14. exd4 cxd4 15. h3 Nxf3+ 16. Nxf3 Bc5 17. Qd2 Be6 18. Rae1 Rad8 19. Ng5 Bd5 20. Qf2 h6 21. Nf3 Qd6 22. Nxd4 Rxe1 23. Rxe1 Bc6 24. c3 Bxd4 25. cxd4 Qd5 26. Re5 Qd6 27. d5 Bxd5 28. Qd4 f6 29. Re1 Bc6 30. Qxd6 Rxd6 31. d4 Kf7 32. Kf2 Rd7 33. Rc1 Bd5 34. Rc5 b6 35. Rc1 a5 36. Re1 a4 37. bxa4 Bxa2 38. Re3 Bd5 39. Ra3 Ra7 40. Bc3 Bc6 41. a5 b5 42. Bb4 Ra6 43. Bc5 Bd5 44. Bb6 Ke6 45. Ra1 b4 46. Rb1 b3 47. Ke3 Bc4 48. Kd2 Kd5 49. Kc3 f5 50. Re1 b2 51. Re5+ Kd6 52. Re1 Ba2 53. Kxb2 Bd5 54. Kc3 Be4 55. Kd2 Ra8 56. Ke3 Kd5 57. Rc1 g5 58. Rc5+ Kd6 59. g3 Bd5 60. Rc2 Re8+ 61. Kd2 Ra8 62. Rc3 f4 63. gxf4 gxf4 64. Rc5 f3 65. Ke1 Re8+ 66. Kf2 Re2+ 67. Kf1 Ra2 68. Rc3 f2 0-1

[Event "Chess.com Bullet op1"]
[Site "Chess.com INT"]
[Date "2020.12.19"]
[Round "4"]
[White "Valner, Uku"]
[Black "Kulkarni, Rakesh"]
[Result "0-1"]
[WhiteElo "2296"]
[BlackElo "2321"]
[PlyCount "94"]
[EventDate "2020.12.19"]
[EventType "swiss (blitz)"]
[EventRounds "21"]
[EventCountry "USA"]
[SourceTitle "EXT 2022"]
[Source "ChessBase"]
[SourceDate "2021.10.06"]
[SourceVersion "1"]
[SourceVersionDate "2021.10.06"]
[SourceQuality "1"]

1. b3 d5 2. Bb2 c5 3. e3 Nc6 4. f4 a6 5. Nf3 Nf6 6. Be2 g6 7. 0-0 Bg7 8. Ne5 0-0 9. Nxc6 bxc6 10. d3 a5 11. a4 Ba6 12. Nd2 Rb8 13. Nf3 c4 14. dxc4 dxc4 15. Be5 Rb7 16. bxc4 Qb6 17. Bd4 c5 18. Bc3 Rd8 19. Qe1 Qe6 20. Bd3 Bxc4 21. Bxa5 Bxd3 22. cxd3 Rxd3 23. Ne5 Rd5 24. Bc3 Ne4 25. a5 Nxc3 26. Qxc3 Rxe5 27. fxe5 Bxe5 28. Qxc5 Bxa1 29. Rxa1 Qf6 30. Rf1 Qa6 31. e4 Rb5 32. Qxe7 Rb7 33. Qd8+ Kg7 34. Qd4+ Kg8 35. Qd8+ Kg7 36. Ra1 Qa7+ 37. Kh1 Rb2 38. h3 Qf2 39. Qg5 h6 40. Qe5+ Kh7 41. Rg1 Ra2 42. Qb5 Ra3 43. Qd7 h5 44. e5 Kh6 45. a6 Qf4 46. e6 Qf5 47. Qxf7 Rxh3+ 0-1

[Event "Chess.com Bullet op1"]
[Site "Chess.com INT"]
[Date "2020.12.19"]
[Round "16"]
[White "Valner, Uku"]
[Black "Musovic, Armin"]
[Result "1-0"]
[WhiteElo "2296"]
[BlackElo "2235"]
[PlyCount "137"]
[EventDate "2020.12.19"]
[EventType "swiss (blitz)"]
[EventRounds "21"]
[EventCountry "USA"]
[SourceTitle "EXT 2022"]
[Source "ChessBase"]
[SourceDate "2021.10.06"]
[SourceVersion "1"]
[SourceVersionDate "2021.10.06"]
[SourceQuality "1"]

1. b3 Nf6 2. Bb2 g6 3. e3 Bh6 4. f4 0-0 5. Nf3 d5 6. Be2 c5 7. 0-0 Nc6 8. Ne5 d4 9. Nxc6 bxc6 10. Bf3 Bb7 11. Na3 Qd7 12. Nc4 Rad8 13. Qe2 Nd5 14. Ne5 Qd6 15. Rae1 f6 16. Nc4 Qd7 17. Ba3 Rfe8 18. Bxc5 dxe3 19. dxe3 e5 20. fxe5 fxe5 21. Bg4 Qc7 22. e4 Nf4 23. Qf3 Ba6 24. Rd1 Rf8 25. Qg3 Bxc4 26. bxc4 Rxd1 27. Rxd1 Rd8 28. Rxd8+ Qxd8 29. Qe1 Qg5 30. Bf3 Nh3+ 31. Kh1 Nf4 32. Be3 Qd8 33. c5 Qd7 34. Qf1 Kg7 35. h3 Ne6 36. Bg4 Bxe3 37. Qf3 Bxc5 38. Qb3 Nd4 39. Bxd7 Nxb3 40. cxb3 Ba3 41. Bxc6 Kf6 42. Bd5 g5 43. Bc4 h5 44. Bd5 h4 45. g4 Bb2 46. Kg2 Bd4 47. Kf3 Ke7 48. Ke2 Kd6 49. Kd3 Kc5 50. a3 Bg1 51. b4+ Kb6 52. Kc4 a5 53. a4 axb4 54. Kxb4 Bc5+ 55. Kc4 Be7 56. Be6 Bc5 57. Kd5 Bd4 58. Bd7 Ka5 59. Bb5 Bc3 60. Ke6 Bb2 61. Kf5 Bc1 62. Kxe5 Bf4+ 63. Kf5 Kb6 64. e5 Kc7 65. Kf6 Kd8 66. e6 Be5+ 67. Kf7 Bd6 68. e7+ Bxe7 69. Kg6 1-0

[Event "Titled Tuesday intern op 01st Dec"]
[Site "Chess.com INT"]
[Date "2020.12.01"]
[Round "3"]
[White "Banusz, Tamas"]
[Black "Valner, Uku"]
[Result "1-0"]
[WhiteElo "2631"]
[BlackElo "2296"]
[PlyCount "47"]
[EventDate "2020.12.01"]
[EventType "swiss (blitz)"]
[EventRounds "11"]
[EventCountry "USA"]
[SourceTitle "CBM 199 Extra"]
[Source "ChessBase"]
[SourceDate "2021.01.31"]
[SourceVersion "1"]
[SourceVersionDate "2021.01.31"]
[SourceQuality "1"]

1. Nf3 Nf6 2. g3 e6 3. d4 d5 4. Bg2 Be7 5. 0-0 0-0 6. c4 c6 7. Nc3 b6 8. Ne5 Bb7 9. e4 dxe4 10. Nxe4 Nxe4 11. Bxe4 Bf6 12. Bf4 Qc8 13. Qh5 g6 14. Qf3 Nd7 15. Nxc6 Bxc6 16. Bxc6 Bxd4 17. Bxa8 Qxa8 18. Qxa8 Rxa8 19. Rad1 e5 20. Be3 Bxe3 21. fxe3 Nc5 22. b4 Na6 23. Rd7 Rf8 24. a3 1-0